| 000 | 00364nam a22001457a 4500 | ||
|---|---|---|---|
| 999 |
_c15555 _d15555 |
||
| 003 | OSt | ||
| 008 | 190515b ||||| |||| 00| 0 eng d | ||
| 020 | _a9789385516993 | ||
| 082 |
_a630 _bRUP/QA |
||
| 100 |
_aRupinder,Singh _94038 |
||
| 245 | _aQ&A in Agricultural Science | ||
| 260 |
_aNew Delhi _bNew India Publishing House _c2018 |
||
| 300 | _a177 p | ||
| 942 | _cBK | ||